« Retourner aux résultats de recherche
Pêche en eau douce (La)
| Auteur principal: | Pascal Lehérissier |
|---|---|
| D'autres auteurs: | Patrick Guillotte |
| Support: | Livres |
| Langue: | Francais |
| Genre: |
Documentaire |
| Sujets: | |
| Étiquettes: |
Ajouter
Pas de Tags !
|
| LEADER | 00736nam0a2200193 450 | ||
|---|---|---|---|
| 001 | 16848341 | ||
| 010 | |a 978-2-263-04631-5 |b Br. |d 22,9 | ||
| 100 | |a 20090326d2009 u u0frey01 ba | ||
| 101 | 0 | |a fre | |
| 102 | |a FR | ||
| 200 | 0 | |a Pêche en eau douce (La) |f Patrick Guillotte, Pascal Lehérissier | |
| 207 | 1 | |a | |
| 215 | |a 383 p. |c illustrations en couleur |d 19 x 12 cm | ||
| 330 | |a Guide pratique avec une approche modernisée et fonctionnelle de toutes les techniques de pêche en eau douce. | ||
| 700 | 0 | |a Lehérissier |b Pascal |4 70 | |
| 701 | 0 | |a Guillotte |b Patrick |4 70 | |
| 900 | |a Documentaire | ||
| 901 | |a Accessible au prêt | ||
| 995 | |a Bibliothèque |c Bibliothèque |f 00156007022999 |h 00156007022999 |k 799.1 LEH |o p |q a |r az |e Bibliothèque | ||
